000 nam a22 7a 4500
999 _c22156
_d22156
008 170123b xxu||||| |||| 00| 0 eng d
020 _a9780558779689
050 _aQH 308.2 .F74 2008
100 _aFreeman, Scott
245 _aBiological Science Volume 1:
_bThe Cell, Genetics, and Development/
_cScott Freeman, Mike Harrington, Joan Sharp
260 _aNew York:
_bLearning Solutions,
_c2008.
300 _axxvi,504,(69)p.:
_bill.;
_c28cm.
521 _aIncludes index.
650 _aBiology.
700 _aHarrington, Mike
700 _aSharp, Joan
942 _2lcc
_cBOOKS
_hQH 308.2 .F74 2008